Co używamy do pielęgnacji ciała - Statystyki

Ogólne statystyki
  • Ten quiz został rozwiązany 38 razy
  • Średni wynik to 3 z 5
Statystyki odpowiedzi
Odpowiedź % Poprawnych
Żel
91%
Balsam
88%
Krem
82%
Mydło
64%
Maseczka
18%
Nie znaleziono quizów pasujących do podanych kryteriów
Rozkład punktacji
Procent ludzi z każdym wynikiem
Percentyl według liczby udzielonych odpowiedzi
Twoja historia wyników
Nie rozwiązałeś tego quizu